Normal view
MARC view
- Environmental engineering.
Entry Topical Term
001 - CONTROL NUMBER
- control field: 38113
003 - CONTROL NUMBER IDENTIFIER
- control field: OSt
005 - DATE AND TIME OF LATEST TRANSACTION
- control field: 20190402141953.0
008 - FIXED-LENGTH DATA ELEMENTS
- fixed length control field: 190402|| aca||aabn | a|a d
040 ## - CATALOGING SOURCE
- Original cataloging agency: OSt
- Transcribing agency: OSt
150 ## - HEADING--TOPICAL TERM
- Topical term or geographic name entry element: Environmental engineering.
670 ## - SOURCE DATA FOUND
- Source citation: Work cat.: (OSt): Lawrence, David P. 38112, Impact assessment :, ©2013.
